Quizzes
Events
Quiz Creation
Community
Videos
Private Events
Remove Ads
Sign In
Join for FREE
Feedback
Dark Mode
Quiz Categories
Sports
Geography
Music
Movies
Television
Just For Fun
Miscellaneous
History
Literature
Language
Science
Gaming
Entertainment
Religion
Holiday
For Kids
Quiz Lab
Recent
Popular Today
Quiz Kudos Today
Editor Picks
Curator Picks
Quizzes by...
Day
Popularity
Type
Ratings
Length
Year
Community
Subscriptions
Recent Discussions
Orange Saloon
Badges
Playlists
Quests
Create
Leaderboards
Showdown
Live 5
Trivia Bingo
Activity
Puzzle Library
Sporcle Events
Private Events
Virtual Trivia
Globe League
Become a Host
Pub Owners
SporcleCon
Opinionation
Our Games
Videos
Blog
Mobile Apps
Partnerships
Remove Ads and Go Orange
Feedback
Music
Pop Music
The Beatles
Song
Album
Lyrics
Bands
Singers
Artist
Clip
Rock
Rap
Classical
Billboard
Country Music
Kpop
Taylor Swift
Music
Pop Music
The Beatles
Song
Album
Lyrics
Bands
Singers
Artist
Clip
Rock
Rap
Classical
Billboard
Country Music
Kpop
Taylor Swift
Random Quiz
Search Sporcle
×
Quiz Lab
Quiz Lab
Music
Lyrics
Type in answers that appear in a list
Type in answers that appear in a list
Classic
Best Score? Go Orange.
Eminem Rhymes: True or False Stats
Can you name the correct rhyming words Eminem has actually used in his songs?
By
Lisaswg22
3m
25 Questions
671 Plays
671 Plays
671 Plays
Comments
Comments
Give Quiz Kudos
Give Quiz Kudos
-
- Ratings
hide this ad
More Info
Forced Order
Answers have to be entered in order
Answers have to be entered in order
Wrong Answers
Some wrong answers will appear in red
Some wrong answers will appear in red
Replay
Link that replays current quiz
Next Quiz
Link to next quiz in quiz playlist
You Got
0%
They Got
Avg Score
61%
Avg Friend Score
Upgrade to see
Score Distribution
Jump to the score distribution portion of the page
Score
0/25
Timer
03:00
0
Plays Today
Rhymed Words
T/F
% Correct
Violence -
Eyelids
???
87.3%
Already -
Spaghetti
???
81.4%
Government -
Lovin' it
???
77.6%
Sporadic -
Addict
???
77.2%
Debating -
Ovulating
???
77%
Patience -
Caucasians
???
76.5%
Eyewitness -
Business
???
76.2%
Torturous -
Sorceress
???
74.5%
DeGeneres -
Tenderness
???
74.2%
Eyeball -
Drywall
???
73.8%
Beautiful -
Funeral
???
71.7%
Arsenal -
Barstool
???
70%
Squeezin' -
Appeasin'
???
68.9%
Rhymed Words
T/F
% Correct
Confrontation -
Violation
???
68.9%
Stingers -
Flingers
???
68.3%
Vandalous -
Evangelist
???
66.6%
Fool of -
True love
???
66.3%
Memory -
Reverie
???
42.2%
Belittle -
Acquittal
???
39.8%
Downtown -
Nightgown
???
39.5%
Burden -
Certain
???
36.2%
Parfait -
Motivate
???
36.2%
Mister -
Whisper
???
29.1%
Wander -
Squander
???
28.6%
Grinder -
Find her
???
27.4%
Quiz Playlist
Details
Report
Send in Message
Add To Playlist
More Info:
Answer True or False as to whether or not Eminem has used these particular rhymes in his songs.
Classic:
Type in answers that appear in a list
Forced Order:
Answers have to be entered in order
Wrong Answers:
Some wrong answers will appear in red
Last Updated: Dec 2, 2017
Quiz Scoreboard
CHALLENGE
Sign Up to Join the Scoreboard
Show All
Scores
Hide
Comments
May contain spoilers
Recently Published
Alphabetical 'K' Countries by Flag Minefield
by ylime102
Geography
3m
Pick 6: Fruits
by JohnFran
Miscellaneous
15s
Click the 1999 NBA Draft
by nibperrychub
Sports
2m
More to Explore
Quiz From the Vault
Featured Blog Post
15 Basketball Trivia Facts You Can Be March Mad About
hide this ad
You Might Also Like...
Tags
Lyrics Quiz
Eminem
Rhyme
Today's Top Quizzes in Music
Browse Music
hide this ad
Today's Top Quizzes in Lyrics
Browse Lyrics
Top Contributed Quizzes in Music
1
KPOP LOGIC QUIZ
2
Taylor Swift All Songs (2024)
3
NCT 2020 Logic Puzzle
4
Taylor Swift Logic Puzzle
5
Lana Del Rey songs - match the song with the album
6
Taylor Swift: Logic Puzzle
7
Guess The Taylor Swift Lyrics Song #1
8
Joni Mitchell—'Car on a Hill' Lyrics
9
kpop group name match up
10
Guess the Taylor Swift song (Mystery Song)
Explore More
Trending Topics
Marvel
Disney
Crossword
Anime
Harry Potter
NBA
Kpop
WWE
Pokémon
NFL
The Office
Soccer
Country
Song
Puzzle
hide this ad
More By:
Lisaswg22
Quiz
Plays
Rating
Category
Featured
Created
ABC's of Buffy Blitz
820
4.29
Television
Oct 20, 2011
Buffy Deaths by Episode
700
4.71
Television
Sep 18, 2011
Eminem Rhymes: True or False
671
4.33
Music
Oct 24, 2011
Go to Creator's Profile
Score Distribution
Quiz Creator Spotlight
Lisaswg22
Follow
Send a Message
Quizzes Created
-
Created Quiz Play Count
-
More By This Creator
Popular Quizzes Today
1
Find the US States - No Outlines Minefield
2
Countries of Asia Without Outlines Minefield
3
Pick 6: Fruits
4
Alphabetical 'K' Countries by Flag Minefield
5
The Countries of the World
6
Click the 1999 NBA Draft
7
Find the US States
8
Match the Book to the Film X
More Music Quizzes
Taylor Swift 'betty' lyrics
Quiz Lab
Trending Quizzes
Pick 6: Harry Potter
Pick 6: Golfers
Pick 6: Movie Franchises
Pick 6: Foods
Pick 6: Landmarks
Recently Updated
Women's Final Four Teams by Year
bhenderson79
Presidents Quartet II
eogle
Anything But Clue(do)
eogle
Anything But Oceanian Capitals
eogle
Anything But 7
eogle
Anything But Thing
eogle
Word Ladder: February 29
pecheneg
Song Title Questions
pecheneg
Women's NCAA Tournament #1 Seeds
pecheneg
Celebrity Mug Shots
pecheneg
Trending Topics
Kpop
Disney
Harry Potter
Marvel
NBA
Crossword
Anime
NFL
Puzzle
WWE
Song
The Office
Country
Soccer
Pokémon
Your Account Isn't Verified!
In order to create a playlist on Sporcle, you need to verify the email address you used during registration. Go to your
Sporcle Settings
to finish the process.
Report this User
Report this user for behavior that violates our
Community Guidelines
.
Details:
Send Report
Go to the Sporcle.com Mobile Site →
Comments